| 000 | 00393cam a22001217a 4500 | ||
|---|---|---|---|
| 008 | 180718b1981 xxu||||| |||| 00| 0 eng d | ||
| 082 | _aA81x54 In2/71/1/Mon-7 | ||
| 100 | _aCensus of India 1971 | ||
| 245 | _aSurvey of Mandeali and Kului in Himachal Pradesh | ||
| 260 |
_aDelhi _bThe Manager of Publications _c1981 |
||
| 300 | _a168+p. | ||
| 440 | _aCensus of India 1971. Series-1. Monograph No. 7 | ||
| 999 |
_c484819 _d484819 |
||